1616 1039 1546 1443 1337 1699 1246 1778 1845 1362 1044 1249 1980 1306 1516 1947 1752 1526 1708 1078 1877 1395 1266 1047 1825 1873 1074 1456 1081 1526 1207 1730 1459 1256 1224 1211 1113 1225 1779 1490 1683 1472 1485 1812 1690 1164 1810 1855 1150 1435 1446 1476 1253 1938 1975 1635 1791 1414 1034 1843 1563 1621 1902 1642 1587 1426 1724 1592 1603 1008 1958 1234 1751 1023 1874 1510 1873 1810 1607 1825 1529 1227 1152 1229 1349 1333 1883 1054 1216 1419 1945 1527 1060 1591 1788 1862 1666 1568 1908 BCNSPRNW ULIB Ver.6.0+V

เปลี่ยนเป็นภาษาไทย

Change to English
 แสดงรายละเอียดบรรณานุกรม
  กลับหน้าหลัก

Brief Record : Get Marc (ISO 2709) : E-mail record : QR code < ปิดหน้าต่าง
LEADER : 00000nam 2200000uu 4500
001    13399127360
003     ULIB
008    200512s2015||||th 000 0 tha d
020    ^a9781451193961 (pbk.)
060 04 ^aWD220^bF646
245 00 ^aFluids & electrolytes made incredibly easy /^ceditors,Mary Lou Ambrose ... [et al.] ; illustrators, Scott ThornBarrows ... [et al.]
260    ^aSpringhouse, Pa. :^bSpringhouse Co.,^c2015
300    ^avi, 321 p. :^bill. ;^c24 cm.
504    ^aIncludes bibliographical references
650  2 ^aWater-Electrolyte Imbalance^xnurses instruction
650  2 ^aWater-Electrolyte Balance^xnurses instruction
700 1  ^aAmbrose, Mary Lou,^eed.
700 1  ^aBarrows, Scott Thorn,^eill.
945    ^p1708^l0^i007033
999    ^aประนอม เกษจรัล
รายการนี้ยังไม่มีแท็ก
คุณยังไม่ได้ล็อกอิน คุณสามารถมีกิจกรรมร่วมกับเว็บไซต์ได้ แต่ต้องล็อกอินก่อน ::
  ล็อกอิน

รายการสื่อสารสนเทศ

ลำดับที่ ประเภท เลขเรียก/บาร์โค้ด สถานที่ สถานะ
1. วิทยาศาสตร์การแพทย์ และสุขภาพ
หนังสือสำรอง
สถานะ=หนังสือสำรอง
WD220 F646 ฉ.1 
  Barcode: 007033
ห้องสมุดวิทยาเขตสวรรค์ประชารักษ์
►หนังสือทั่วไป
ถูกยืม กำหนดส่งวันที่ 1 กันยายน 2567
  จอง

BibComment


ยังไม่เคยถูกคอมเมนท์

คอมเมนท์ทรัพยากรรายการนี้
  คอมเมนท์: Fluids electrol..


 Copyright 2026. Bcnsprnw @Library